[Event "46th GRE-chT Premier 2018"]
[Site "Rio Achaia"]
[Date "2018.07.10"]
[Round "1"]
[White "Prince, Bajaj"]
[Black "Kuljasevic, Davorin"]
[Result "1/2-1/2"]
[WhiteElo "2404"]
[BlackElo "2545"]
[Annotator "RC"]
[PlyCount "68"]
[EventDate "2018.07.10"]
[EventType "team-tourn"]
[EventCountry "GRE"]
[SourceTitle "playchess.com"]
[Source "ChessBase"]
[SourceQuality "1"]
[TimeControl "40/5400+30:1800+30"]

1. e4 {[%emt 0:00:00]} e5 {[%emt 0:00:00]} 2. Nf3 {[%emt 0:00:00]} Nc6 {[%emt 0:00:00]} 3. Bb5 {[%emt 0:00:00]} a6 {[%emt 0:00:00]} 4. Ba4 {[%emt 0:00:00]} Nf6 {[%emt 0:00:13]} 5. O-O {[%emt 0:00:00]} Be7 {[%emt 0:00:17]} 6. Re1 {[%emt 0:00:08]} b5 {[%emt 0:00:13]} 7. Bb3 {[%emt 0:00:05]} d6 {[%emt 0:00:15]} 8. c3 {[%emt 0:00:06]} O-O {[%emt 0:00:12]} 9. h3 {[%emt 0:00:42]} Na5 {[%emt 0:00:40]} 10. Bc2 {[%emt 0:00:07]} c5 {[%emt 0:00:09]} 11. d4 {[%emt 0:00:06]} Nd7 {[%emt 0:00:27]} 12. Nbd2 {[%emt 0:00:30]} exd4 {[%emt 0:00:43]} 13. cxd4 {[%emt 0:00:07]} Nc6 {[%emt 0:00:17]} 14. d5 {[%emt 0:00:11]} Nce5 {[%emt 0:00:11]} 15. Nxe5 {[%emt 0:00:13]} Nxe5 {[%emt 0:00:06]} 16. f4 {[%emt 0:04:22]} Ng6 {[%emt 0:00:17]} 17. Nf3 {[%emt 0:00:05]} Bh4 {[%emt 0:00:44]} 18. Nxh4 {[%emt 0:04:40]} Qxh4 {[%emt 0:00:10]} 19. Rf1 {[%emt 0:00:29]} f5 {[%emt 0:04:41]} 20. a4 {[%emt 0:43:50]} fxe4 {[%emt 0:15:12]} 21. axb5 {[%emt 0:02:38]} Bxh3 {[%emt 0:26:25]} 22. gxh3 {[%emt 0:18:22]} Qg3+ {[%emt 0:00:28]} 23. Kh1 {[%emt 0:00:01]} Qxh3+ {[%emt 0:01:22]} 24. Kg1 {[%emt 0:01:27]} Qg3+ {[%emt 0:00:40]} 25. Kh1 {[%emt 0:00:02]} Qh3+ {[%emt 0:00:11]} 26. Kg1 {[%emt 0:00:16]} Qg3+ {[%emt 0:00:23]} 27. Kh1 {[%emt 0:00:54]} Rae8 {[%emt 0:25:46]} 28. Qe2 {[%emt 0:18:12]} e3 {[%emt 0:16:32]} 29. Bxg6 {[%emt 0:05:41]} hxg6 {[%emt 0:00:19]} 30. Rf3 {[%emt 0:00:51]} Qh4+ {[%emt 0:02:22]} 31. Qh2 {[%emt 0:00:09]} Qe1+ {[%emt 0:00:37]} 32. Qg1 {[%emt 0:00:02]} Qh4+ {[%emt 0:00:42]} 33. Qh2 {[%emt 0:00:03]} Qe1+ {[%emt 0:02:51]} 34. Qg1 {[%emt 0:00:02]} Qh4+ {[%emt 0:01:54]} 1/2-1/2

[Event "46th GRE-chT Premier 2018"]
[Site "Rio Achaia"]
[Date "2018.07.10"]
[Round "1"]
[White "Dochev, Dimitar"]
[Black "Tepelenis, Nikolaos"]
[Result "1-0"]
[WhiteElo "2399"]
[BlackElo "2079"]
[Annotator "NA"]
[PlyCount "45"]
[EventDate "2018.07.10"]
[EventType "team-tourn"]
[EventCountry "GRE"]
[SourceTitle "playchess.com"]
[Source "ChessBase"]
[SourceQuality "1"]
[TimeControl "40/5400+30:1800+30"]

1. e4 {[%emt 0:00:00]} e6 {[%emt 0:00:03]} 2. d4 {[%emt 0:08:27]} d5 {[%emt 0:00:15]} 3. Nd2 {[%emt 0:00:07]} Nf6 {[%emt 0:04:23]} 4. e5 {[%emt 0:00:18]} Nfd7 {[%emt 0:00:14]} 5. f4 {[%emt 0:04:58]} c5 {[%emt 0:00:12]} 6. Ngf3 {[%emt 0:00:41]} Nc6 {[%emt 0:01:41]} 7. Nb3 {[%emt 0:02:42]} c4 {[%emt 0:06:35]} 8. Nbd2 {[%emt 0:00:05]} b5 {[%emt 0:00:51]} 9. Be2 {[%emt 0:00:18]} Qa5 {[%emt 0:06:01]} 10. O-O {[%emt 0:12:21]} h5 {[%emt 0:10:49]} 11. Rf2 {[%emt 0:00:55]} Nb6 {[%emt 0:05:09]} 12. Nf1 {[%emt 0:01:19]} g6 {[%emt 0:01:05]} 13. Ne3 {[%emt 0:14:26]} Be7 {[%emt 0:03:53]} 14. Bd2 {[%emt 0:02:04]} Qa6 {[%emt 0:03:14]} 15. c3 {[%emt 0:08:04]} Bd7 {[%emt 0:01:08]} 16. Ng5 {[%emt 0:04:58]} Qb7 {[%emt 0:09:47]} 17. g3 {[%emt 0:20:39]} Rc8 {[%emt 0:05:13]} 18. Ng2 {[%emt 0:00:47]} Nd8 {[%emt 0:03:43]} 19. Nh4 {[%emt 0:00:17]} Na4 {[%emt 0:01:45]} 20. Qc2 {[%emt 0:00:13]} Bc6 {[%emt 0:09:55]} 21. b3 {[%emt 0:03:42]} Nb6 {[%emt 0:00:11]} 22. Nxg6 {[%emt 0:08:30]} fxg6 {[%emt 0:07:16]} 23. Qxg6+ {[%emt 0:00:06]} 1-0

[Event "46th GRE-chT Premier 2018"]
[Site "Rio Achaia"]
[Date "2018.07.10"]
[Round "1"]
[White "Szczepkowska, Karina"]
[Black "Juhasz, Barbara"]
[Result "1/2-1/2"]
[WhiteElo "2396"]
[BlackElo "2227"]
[Annotator "NA"]
[PlyCount "82"]
[EventDate "2018.07.10"]
[EventType "team-tourn"]
[EventCountry "GRE"]
[SourceTitle "playchess.com"]
[Source "ChessBase"]
[SourceQuality "1"]
[TimeControl "40/5400+30:1800+30"]

1. d4 {[%emt 0:00:00]} Nf6 {[%emt 0:00:00]} 2. c4 {[%emt 0:00:00]} g6 {[%emt 0:00:00]} 3. Nc3 {[%emt 0:00:00]} Bg7 {[%emt 0:00:00]} 4. e4 {[%emt 0:00:01]} d6 {[%emt 0:00:09]} 5. Bd3 {[%emt 0:00:45]} O-O {[%emt 0:00:18]} 6. Nge2 {[%emt 0:00:13]} Nc6 {[%emt 0:00:53]} 7. O-O {[%emt 0:01:23]} e5 {[%emt 0:00:43]} 8. d5 {[%emt 0:00:45]} Nd4 {[%emt 0:00:22]} 9. Rb1 {[%emt 0:00:09]} c5 {[%emt 0:06:42]} 10. dxc6 {[%emt 0:00:07]} bxc6 {[%emt 0:00:25]} 11. b4 {[%emt 0:00:04]} Be6 {[%emt 0:13:07]} 12. b5 {[%emt 0:09:28]} d5 {[%emt 0:10:49]} 13. cxd5 {[%emt 0:14:34]} cxd5 {[%emt 0:00:18]} 14. Bg5 {[%emt 0:00:43]} Nxe2+ {[%emt 0:17:38]} 15. Qxe2 {[%emt 0:00:30]} d4 {[%emt 0:00:05]} 16. Na4 {[%emt 0:08:00]} Rc8 {[%emt 0:13:26]} 17. b6 {[%emt 0:08:13]} axb6 {[%emt 0:00:38]} 18. Nxb6 {[%emt 0:00:09]} Rb8 {[%emt 0:04:51]} 19. Nc4 {[%emt 0:01:31]} Qc7 {[%emt 0:04:49]} 20. Rbc1 {[%emt 0:03:01]} Nh5 {[%emt 0:07:38]} 21. g3 {[%emt 0:00:49]} Rfc8 {[%emt 0:01:26]} 22. Bd2 {[%emt 0:01:34]} Qa7 {[%emt 0:05:48]} 23. Rc2 {[%emt 0:02:29]} Nf6 {[%emt 0:04:44]} 24. Kh1 {[%emt 0:06:48]} Nd7 {[%emt 0:02:41]} 25. f4 {[%emt 0:02:39]} exf4 {[%emt 0:01:51]} 26. gxf4 {[%emt 0:02:14]} Bh3 {[%emt 0:01:19]} 27. Rg1 {[%emt 0:01:01]} Qa8 {[%emt 0:00:57]} 28. Rg3 {[%emt 0:03:19]} Be6 {[%emt 0:00:36]} 29. Kg1 {[%emt 0:02:39]} Nc5 {[%emt 0:01:09]} 30. Nd6 {[%emt 0:02:45]} Rc6 {[%emt 0:00:34]} 31. f5 {[%emt 0:06:26]} Nxd3 {[%emt 0:00:36]} 32. Rxc6 {[%emt 0:00:29]} Qxc6 {[%emt 0:00:10]} 33. fxe6 {[%emt 0:00:39]} fxe6 {[%emt 0:00:46]} 34. Qxd3 {[%emt 0:01:11]} Qxd6 {[%emt 0:00:04]} 35. a4 {[%emt 0:00:36]} Be5 {[%emt 0:00:30]} 36. Rg2 {[%emt 0:00:44]} Qc6 {[%emt 0:01:15]} 37. a5 {[%emt 0:02:37]} Qa4 {[%emt 0:00:17]} 38. Rf2 {[%emt 0:00:31]} Qd1+ {[%emt 0:00:34]} 39. Rf1 {[%emt 0:00:15]} Qg4+ {[%emt 0:00:23]} 40. Kh1 {[%emt 0:00:00]} Qh4 {[%emt 0:00:00]} 41. h3 {[%emt 0:04:11]} Ra8 {[%emt 0:17:14]} 1/2-1/2

[Event "46th GRE-chT Premier 2018"]
[Site "Rio Achaia"]
[Date "2018.07.10"]
[Round "1"]
[White "Skembris, Spyridon"]
[Black "Mastrovasilis, Athanasios"]
[Result "0-1"]
[WhiteElo "2393"]
[BlackElo "2497"]
[Annotator "TA"]
[PlyCount "50"]
[EventDate "2018.07.10"]
[EventType "team-tourn"]
[EventCountry "GRE"]
[SourceTitle "playchess.com"]
[Source "ChessBase"]
[SourceQuality "1"]

{[%evp 22,50,0,0,27,24,50,48,64,63,71,43,51,41,44,-80,-75,-296,-313,-554,-546,-564,-563,-590,-585,-674,-678,-674,-674,-1041,-1015]} 1. c4 Nf6 2. g3 e6 3. Bg2 d5 4. Nf3 Be7 5. O-O O-O 6. b3 c5 7. cxd5 Nxd5 8. Bb2 Bf6 9. Qc1 Nc6 10. Nc3 Nxc3 11. Bxc3 Nd4 {A14: English Opening: 1...e6 with b3 by White} (11... e5 12. d3 Bg4 13. h3 Be6 14. Nd2 Bd5 15. Qc2 Nd4 16. Bxd4 Bxg2 17. Kxg2 cxd4 18. Qc5 Rc8 19. Qb5 {½-½ (43) Zenzera,A (2435)-Kjartansson,G (2452) St Petersburg 2015}) 12. Re1 {LiveBook: 5 Games} Rb8 13. Nxd4 Bxd4 {White has an edge.} 14. Qa3 $146 ({Predecessor:} 14. e3 Bxc3 15. dxc3 b5 16. c4 b4 17. Rd1 Qb6 18. Rd3 Rd8 19. Qd2 {1-0 (60) Biazliudau,S (2205)-Petrosyan,T (2238) Burdur 2010}) 14... a6 15. Bxd4 cxd4 16. Rac1 b6 17. Rc6 Bb7 18. Rd6 (18. Rc4 $14 {keeps the upper hand.}) 18... Qe7 $17 {And now ...Bxg2 would win.} 19. Qb4 $2 (19. Rc1 $17 {was worth a try.}) 19... Bxg2 $19 20. Kxg2 $2 {[#]} (20. f3 Bh3 21. Rxd4) 20... e5 $1 {Black is clearly winning.} 21. Rc1 a5 22. Qa3 Rbc8 23. Rc4 b5 24. Rxc8 Rxc8 25. Rc6 Qb7 {Precision: White = 46%, Black = 80%.} ({Weaker is} 25... Qxa3 26. Rxc8+ Qf8 27. Rxf8+ Kxf8 28. g4 $11) 0-1

[Event "46th GRE-chT Premier 2018"]
[Site "Rio Achaia"]
[Date "2018.07.10"]
[Round "1"]
[White "Goumas, Georgios"]
[Black "Sandalakis, Nikolaos"]
[Result "1-0"]
[WhiteElo "2384"]
[BlackElo "2209"]
[Annotator "NA"]
[PlyCount "53"]
[EventDate "2018.07.10"]
[EventType "team-tourn"]
[EventCountry "GRE"]
[SourceTitle "playchess.com"]
[Source "ChessBase"]
[SourceQuality "1"]
[TimeControl "40/5400+30:1800+30"]

1. d4 {[%emt 0:00:00]} Nf6 {[%emt 0:00:00]} 2. c4 {[%emt 0:00:16]} e6 {[%emt 0:00:00]} 3. Nc3 {[%emt 0:00:13]} Bb4 {[%emt 0:00:32]} 4. e3 {[%emt 0:00:19]} O-O {[%emt 0:03:16]} 5. Nge2 {[%emt 0:00:49]} c6 {[%emt 0:02:26]} 6. a3 {[%emt 0:00:20]} Ba5 {[%emt 0:00:30]} 7. c5 {[%emt 0:00:23]} Re8 {[%emt 0:21:28]} 8. g3 {[%emt 0:01:28]} d6 {[%emt 0:09:32]} 9. cxd6 {[%emt 0:00:20]} Qxd6 {[%emt 0:00:33]} 10. b4 {[%emt 0:00:08]} Bb6 {[%emt 0:05:29]} 11. Bb2 {[%emt 0:08:58]} a5 {[%emt 0:08:25]} 12. b5 {[%emt 0:00:31]} cxb5 {[%emt 0:02:08]} 13. Bg2 {[%emt 0:00:15]} Bd7 {[%emt 0:02:44]} 14. O-O {[%emt 0:00:48]} Na6 {[%emt 0:16:21]} 15. e4 {[%emt 0:04:14]} Qb8 {[%emt 0:04:01]} 16. e5 {[%emt 0:03:28]} b4 {[%emt 0:02:28]} 17. exf6 {[%emt 0:04:09]} bxc3 {[%emt 0:00:04]} 18. Nxc3 {[%emt 0:00:58]} Bc6 {[%emt 0:06:14]} 19. d5 {[%emt 0:06:57]} exd5 {[%emt 0:04:25]} 20. Nxd5 {[%emt 0:00:33]} Bxd5 {[%emt 0:02:38]} 21. Bxd5 {[%emt 0:00:14]} Nc5 {[%emt 0:05:51]} 22. Bxf7+ {[%emt 0:04:50]} Kxf7 {[%emt 0:00:13]} 23. Qh5+ {[%emt 0:00:06]} Kg8 {[%emt 0:01:40]} 24. f7+ {[%emt 0:00:18]} Kh8 {[%emt 0:00:02]} 25. Qh6 {[%emt 0:03:51]} Re5 {[%emt 0:00:52]} 26. Bxe5 {[%emt 0:00:20]} Qxe5 {[%emt 0:00:08]} 27. Qxb6 {[%emt 0:00:10]} 1-0

[Event "46th GRE-chT Premier 2018"]
[Site "Rio Achaia"]
[Date "2018.07.10"]
[Round "1"]
[White "Pavlidis, Anastasios"]
[Black "Pappas, Apostolos"]
[Result "1-0"]
[WhiteElo "2362"]
[BlackElo "2034"]
[Annotator "NA"]
[PlyCount "65"]
[EventDate "2018.07.10"]
[EventType "team-tourn"]
[EventCountry "GRE"]
[SourceTitle "playchess.com"]
[Source "ChessBase"]
[SourceQuality "1"]
[TimeControl "40/5400+30:1800+30"]

1. d4 {[%emt 0:00:00]} d6 {[%emt 0:00:00]} 2. e4 {[%emt 0:00:00]} Nf6 {[%emt 0:00:00]} 3. Nc3 {[%emt 0:00:13]} g6 {[%emt 0:00:00]} 4. Nf3 {[%emt 0:02:03]} Bg7 {[%emt 0:00:00]} 5. Bg5 {[%emt 0:00:45]} h6 {[%emt 0:00:00]} 6. Be3 {[%emt 0:00:47]} O-O {[%emt 0:00:10]} 7. h3 {[%emt 0:00:57]} a6 {[%emt 0:02:17]} 8. a4 {[%emt 0:02:04]} Nc6 {[%emt 0:00:02]} 9. Qd2 {[%emt 0:02:39]} Kh7 {[%emt 0:03:24]} 10. d5 {[%emt 0:02:45]} Ne5 {[%emt 0:01:23]} 11. Nxe5 {[%emt 0:01:28]} dxe5 {[%emt 0:00:06]} 12. Bc4 {[%emt 0:00:56]} Ne8 {[%emt 0:02:16]} 13. O-O {[%emt 0:01:13]} Nd6 {[%emt 0:00:02]} 14. Bb3 {[%emt 0:00:32]} g5 {[%emt 0:06:48]} 15. g4 {[%emt 0:02:44]} Bd7 {[%emt 0:00:13]} 16. f3 {[%emt 0:00:45]} b5 {[%emt 0:05:32]} 17. axb5 {[%emt 0:03:32]} axb5 {[%emt 0:02:05]} 18. Kg2 {[%emt 0:00:25]} Qb8 {[%emt 0:00:45]} 19. h4 {[%emt 0:04:55]} f6 {[%emt 0:01:04]} 20. Ne2 {[%emt 0:06:00]} Rxa1 {[%emt 0:22:48]} 21. Rxa1 {[%emt 0:00:10]} h5 {[%emt 0:00:55]} 22. gxh5 {[%emt 0:07:17]} g4 {[%emt 0:02:16]} 23. h6 {[%emt 0:00:33]} gxf3+ {[%emt 0:01:46]} 24. Kxf3 {[%emt 0:00:13]} Bh8 {[%emt 0:02:41]} 25. Ng3 {[%emt 0:02:55]} f5 {[%emt 0:01:12]} 26. exf5 {[%emt 0:02:02]} e4+ {[%emt 0:02:44]} 27. Ke2 {[%emt 0:03:31]} Bxf5 {[%emt 0:02:13]} 28. Nxf5 {[%emt 0:00:48]} Nxf5 {[%emt 0:01:17]} 29. Rg1 {[%emt 0:01:36]} c5 {[%emt 0:03:28]} 30. dxc6 {[%emt 0:08:06]} Rd8 {[%emt 0:13:49]} 31. Qxd8 {[%emt 0:02:03]} Qxd8 {[%emt 0:00:07]} 32. c7 {[%emt 0:00:13]} Nd4+ {[%emt 0:01:50]} 33. Kd1 {[%emt 0:00:21]} 1-0

[Event "46th GRE-chT Premier 2018"]
[Site "Rio Achaia"]
[Date "2018.07.10"]
[Round "1"]
[White "Papadopoulos, Georgios"]
[Black "Kazantzidis, Ilias"]
[Result "1-0"]
[WhiteElo "2352"]
[BlackElo "2182"]
[Annotator "NA"]
[PlyCount "85"]
[EventDate "2018.07.10"]
[EventType "team-tourn"]
[EventCountry "GRE"]
[SourceTitle "playchess.com"]
[Source "ChessBase"]
[SourceQuality "1"]
[TimeControl "40/5400+30:1800+30"]

1. d4 {[%emt 0:00:00]} d5 {[%emt 0:00:00]} 2. Bf4 {[%emt 0:00:00]} Nf6 {[%emt 0:00:00]} 3. e3 {[%emt 0:00:00]} c5 {[%emt 0:00:00]} 4. Nf3 {[%emt 0:00:00]} Nc6 {[%emt 0:00:15]} 5. Nbd2 {[%emt 0:00:01]} Qb6 {[%emt 0:00:33]} 6. dxc5 {[%emt 0:01:01]} Qxb2 {[%emt 0:00:07]} 7. Rb1 {[%emt 0:00:15]} Qc3 {[%emt 0:00:06]} 8. Bd3 {[%emt 0:03:08]} Qxc5 {[%emt 0:05:55]} 9. O-O {[%emt 0:01:42]} e6 {[%emt 0:11:19]} 10. c4 {[%emt 0:00:12]} Qa5 {[%emt 0:25:13]} 11. e4 {[%emt 0:15:34]} dxe4 {[%emt 0:05:02]} 12. Nxe4 {[%emt 0:00:58]} Nxe4 {[%emt 0:06:49]} 13. Bxe4 {[%emt 0:00:07]} Be7 {[%emt 0:08:21]} 14. Qc2 {[%emt 0:05:48]} f5 {[%emt 0:06:59]} 15. Bxc6+ {[%emt 0:13:02]} bxc6 {[%emt 0:00:02]} 16. Nd4 {[%emt 0:05:41]} Bf6 {[%emt 0:06:48]} 17. Nxc6 {[%emt 0:18:00]} Qc5 {[%emt 0:00:28]} 18. Nb4 {[%emt 0:00:48]} O-O {[%emt 0:09:46]} 19. Rfd1 {[%emt 0:14:40]} Bd4 {[%emt 0:01:02]} 20. Nd3 {[%emt 0:02:40]} Qc6 {[%emt 0:02:19]} 21. Ne5 {[%emt 0:03:03]} Bxe5 {[%emt 0:00:49]} 22. Bxe5 {[%emt 0:00:02]} Bb7 {[%emt 0:01:15]} 23. f3 {[%emt 0:00:16]} Rad8 {[%emt 0:04:11]} 24. Qc3 {[%emt 0:07:35]} Rd7 {[%emt 0:02:44]} 25. Rxd7 {[%emt 0:00:58]} Qxd7 {[%emt 0:00:02]} 26. Bxg7 {[%emt 0:00:11]} Rc8 {[%emt 0:01:19]} 27. Be5 {[%emt 0:01:58]} Ba6 {[%emt 0:01:33]} 28. Qe3 {[%emt 0:00:58]} Bxc4 {[%emt 0:00:32]} 29. Qg5+ {[%emt 0:00:30]} Kf8 {[%emt 0:00:13]} 30. Qf6+ {[%emt 0:03:16]} Qf7 {[%emt 0:00:07]} 31. Qh8+ {[%emt 0:00:25]} Qg8 {[%emt 0:00:04]} 32. Bd6+ {[%emt 0:00:35]} Kf7 {[%emt 0:00:06]} 33. Qd4 {[%emt 0:02:07]} Kg6 {[%emt 0:01:49]} 34. Qxa7 {[%emt 0:00:52]} Qd8 {[%emt 0:00:27]} 35. Be5 {[%emt 0:00:27]} Qf8 {[%emt 0:00:43]} 36. Bd4 {[%emt 0:00:35]} Ra8 {[%emt 0:00:27]} 37. Qc7 {[%emt 0:00:19]} Bxa2 {[%emt 0:00:25]} 38. Qg3+ {[%emt 0:00:40]} Kh5 {[%emt 0:00:31]} 39. Qh3+ {[%emt 0:00:14]} Kg6 {[%emt 0:00:23]} 40. Qg3+ {[%emt 0:00:00]} Kh5 {[%emt 0:00:00]} 41. Rb7 {[%emt 0:02:51]} Qh6 {[%emt 0:06:52]} 42. Qh3+ {[%emt 0:01:07]} Kg6 {[%emt 0:00:16]} 43. Rg7+ {[%emt 0:00:05]} 1-0

[Event "46th GRE-chT Premier 2018"]
[Site "Rio Achaia"]
[Date "2018.07.10"]
[Round "1"]
[White "Georgiev, Krum"]
[Black "Dorfanis, Ilarion"]
[Result "1-0"]
[WhiteElo "2330"]
[BlackElo "2179"]
[Annotator "NA"]
[PlyCount "75"]
[EventDate "2018.07.10"]
[EventType "team-tourn"]
[EventCountry "GRE"]
[SourceTitle "playchess.com"]
[Source "ChessBase"]
[SourceQuality "1"]
[TimeControl "40/5400+30:1800+30"]

1. Nf3 {[%emt 0:00:00]} d5 {[%emt 0:00:00]} 2. g3 {[%emt 0:00:00]} g6 {[%emt 0:02:56]} 3. Bg2 {[%emt 0:04:06]} Bg7 {[%emt 0:00:09]} 4. O-O {[%emt 0:03:55]} e5 {[%emt 0:01:03]} 5. d3 {[%emt 0:00:16]} Ne7 {[%emt 0:00:58]} 6. Nbd2 {[%emt 0:00:40]} O-O {[%emt 0:00:46]} 7. e4 {[%emt 0:03:14]} d4 {[%emt 0:05:26]} 8. Nc4 {[%emt 0:04:11]} Nbc6 {[%emt 0:00:16]} 9. a4 {[%emt 0:00:16]} Be6 {[%emt 0:05:51]} 10. Ng5 {[%emt 0:07:45]} Bd7 {[%emt 0:10:04]} 11. Bd2 {[%emt 0:21:44]} f6 {[%emt 0:09:50]} 12. Nf3 {[%emt 0:00:21]} a6 {[%emt 0:07:19]} 13. b4 {[%emt 0:14:45]} b5 {[%emt 0:03:42]} 14. axb5 {[%emt 0:00:09]} axb5 {[%emt 0:00:09]} 15. Na3 {[%emt 0:00:07]} Qb8 {[%emt 0:03:13]} 16. c3 {[%emt 0:00:23]} Be6 {[%emt 0:13:40]} 17. cxd4 {[%emt 0:14:16]} exd4 {[%emt 0:00:37]} 18. e5 {[%emt 0:02:24]} fxe5 {[%emt 0:17:32]} 19. Ng5 {[%emt 0:00:12]} Bd5 {[%emt 0:02:18]} 20. Bxd5+ {[%emt 0:15:34]} Nxd5 {[%emt 0:00:04]} 21. Qb3 {[%emt 0:00:21]} Nce7 {[%emt 0:00:19]} 22. Ne6 {[%emt 0:00:13]} Rf5 23. Rfc1 {[%emt 0:05:19]} c6 {[%emt 0:07:19]} 24. Rxc6 {[%emt 0:00:07]} Nxc6 {[%emt 0:00:52]} 25. Qxd5 {[%emt 0:00:03]} Ne7 {[%emt 0:00:31]} 26. Qb3 {[%emt 0:00:03]} Kh8 {[%emt 0:01:36]} 27. Rc1 {[%emt 0:00:09]} Ra6 {[%emt 0:03:19]} 28. Ng5 {[%emt 0:00:19]} h6 {[%emt 0:01:54]} 29. Ne4 {[%emt 0:00:05]} Qa8 {[%emt 0:02:13]} 30. Nxb5 {[%emt 0:00:15]} Ra1 {[%emt 0:00:25]} 31. Rxa1 {[%emt 0:01:18]} Qxa1+ {[%emt 0:00:03]} 32. Kg2 {[%emt 0:00:02]} Kh7 {[%emt 0:00:46]} 33. Nbd6 {[%emt 0:02:13]} Qa8 {[%emt 0:00:41]} 34. Qe6 {[%emt 0:00:20]} Nd5 {[%emt 0:00:35]} 35. Nxf5 {[%emt 0:00:15]} gxf5 {[%emt 0:00:17]} 36. Qxf5+ {[%emt 0:00:03]} Kh8 {[%emt 0:00:20]} 37. Qg6 {[%emt 0:00:21]} Nc3 {[%emt 0:00:55]} 38. Bxh6 {[%emt 0:00:17]} 1-0

[Event "46th GRE-chT Premier 2018"]
[Site "Rio Achaia"]
[Date "2018.07.10"]
[Round "1"]
[White "Hristodoulou, Panagiotis"]
[Black "Tsagkaropoulos, Spyridon"]
[Result "1-0"]
[WhiteElo "2329"]
[BlackElo "2052"]
[Annotator "NA"]
[PlyCount "101"]
[EventDate "2018.07.10"]
[EventType "team-tourn"]
[EventCountry "GRE"]
[SourceTitle "playchess.com"]
[Source "ChessBase"]
[SourceQuality "1"]
[TimeControl "40/5400+30:1800+30"]

1. e4 {[%emt 0:00:00]} e5 {[%emt 0:00:00]} 2. Nf3 {[%emt 0:00:00]} Nc6 {[%emt 0:00:00]} 3. Nc3 {[%emt 0:06:05]} Nf6 {[%emt 0:00:00]} 4. Bb5 {[%emt 0:00:07]} Bb4 {[%emt 0:00:36]} 5. O-O {[%emt 0:00:12]} O-O {[%emt 0:00:12]} 6. d3 {[%emt 0:00:06]} d6 {[%emt 0:00:04]} 7. Bg5 {[%emt 0:00:11]} Bxc3 {[%emt 0:00:50]} 8. bxc3 {[%emt 0:00:02]} Qe7 {[%emt 0:00:11]} 9. Nd2 {[%emt 0:00:12]} h6 {[%emt 0:02:12]} 10. Bh4 {[%emt 0:00:17]} Nd8 {[%emt 0:02:16]} 11. Re1 {[%emt 0:08:20]} Ne6 {[%emt 0:02:22]} 12. f3 {[%emt 0:02:14]} Nf4 {[%emt 0:04:17]} 13. Nf1 {[%emt 0:02:44]} a5 {[%emt 0:04:10]} 14. a4 {[%emt 0:02:26]} g5 {[%emt 0:08:03]} 15. Bf2 {[%emt 0:00:42]} Kh7 {[%emt 0:02:32]} 16. Ne3 {[%emt 0:02:57]} Rg8 {[%emt 0:03:45]} 17. d4 {[%emt 0:12:02]} g4 {[%emt 0:03:33]} 18. Bh4 {[%emt 0:00:41]} h5 {[%emt 0:06:37]} 19. Nd5 {[%emt 0:07:12]} N4xd5 {[%emt 0:01:53]} 20. exd5 {[%emt 0:00:03]} Bf5 {[%emt 0:02:30]} 21. Bd3 {[%emt 0:02:06]} Bxd3 {[%emt 0:01:00]} 22. Qxd3+ {[%emt 0:00:03]} Rg6 {[%emt 0:00:07]} 23. fxg4 {[%emt 0:11:43]} hxg4 {[%emt 0:01:14]} 24. Rf1 {[%emt 0:00:20]} Kg7 {[%emt 0:00:38]} 25. Qf5 {[%emt 0:07:43]} Re8 {[%emt 0:17:51]} 26. Rf2 {[%emt 0:12:53]} Rh8 {[%emt 0:09:59]} 27. Bxf6+ {[%emt 0:00:22]} Qxf6 {[%emt 0:00:13]} 28. Qd7 {[%emt 0:00:06]} Qg5 {[%emt 0:00:38]} 29. Rxf7+ {[%emt 0:07:27]} Kh6 {[%emt 0:00:06]} 30. Raf1 {[%emt 0:00:14]} exd4 {[%emt 0:05:18]} 31. cxd4 {[%emt 0:00:34]} Qe3+ {[%emt 0:01:01]} 32. Kh1 {[%emt 0:00:02]} Qxd4 {[%emt 0:00:36]} 33. R7f5 {[%emt 0:08:37]} Qe4 {[%emt 0:05:45]} 34. Qxc7 {[%emt 0:01:47]} Re8 {[%emt 0:00:11]} 35. Qc3 {[%emt 0:03:12]} Qe3 {[%emt 0:02:01]} 36. Qxa5 {[%emt 0:00:05]} Qc5 {[%emt 0:05:42]} 37. Qd2+ {[%emt 0:00:42]} Qe3 {[%emt 0:00:01]} 38. Qa5 {[%emt 0:00:06]} Qc5 {[%emt 0:00:07]} 39. Qd2+ {[%emt 0:00:44]} Qe3 {[%emt 0:00:02]} 40. Qb4 {[%emt 0:00:00]} Qe4 {[%emt 0:00:00]} 41. Qb5 {[%emt 0:13:35]} Re7 {[%emt 0:05:42]} 42. Rf8 {[%emt 0:09:58]} Qxc2 {[%emt 0:07:40]} 43. Qb4 {[%emt 0:00:18]} Qe4 {[%emt 0:00:58]} 44. Qc3 {[%emt 0:00:58]} Qe5 {[%emt 0:04:00]} 45. Qc1+ {[%emt 0:01:18]} Kh7 {[%emt 0:05:02]} 46. Qc8 {[%emt 0:01:51]} Rgg7 {[%emt 0:00:29]} 47. Rh8+ {[%emt 0:01:22]} Kg6 {[%emt 0:00:05]} 48. Qxg4+ {[%emt 0:00:09]} Qg5 {[%emt 0:00:07]} 49. Qf3 {[%emt 0:00:49]} Re3 {[%emt 0:01:53]} 50. Qf2 {[%emt 0:00:02]} Qe7 {[%emt 0:01:44]} 51. Qf5# 1-0